Представление документа в формате RUSMARC

ПолеНазваниеЗначение
  Тип записи a
  Библиографический уровень m
001 Контрольный номер UONB/MAIN/0e52f11d864e471faa8ab87342bc6588
005 Дата корректировки 20260428165141.0
010 Индекс ISBN __
d Цена 75 к.
9 Тираж 35000 экз.
100 Данные общей обработки __
a Данные общей обработки 20260428d1949 m y0rusy0189 ca
101 Язык документа 0_
a Язык текста rus
102 Страна публикации __
a Страна публикации RU
105 Кодированные данные (монография) __
a Кодированные данные (монография) y z 000yy
200 Заглавие и сведения об ответственности 1_
a Заглавие Развитие животноводства в СССР
e Сведения, относящиеся к заглавию стенограмма лекций...
f Первые сведения об ответственности А. Д. Ступов
g Последующие сведения об ответственности Высшая партийная школа при ЦК ВКП(б)
203 Вид содержания и тип средства __
a Вид содержания Текст
b Характеристика содержания визуальный
c Тип средства непосредственный
210 Выходные данные 1_
a Место издания Москва
c Издательство Тип. Высшей партийной школы при ЦК ВКП(б)
d Дата издания 1949
215 Физическое описание __
a Объем 36 с.
d Формат 21 см
225 Серия 1_
a Серия Курс "Основы советской экономики и практика руководства отраслями народного хозяйства"
606 Тематические рубрики 0_
a Основная рубрика Животноводство
x Основная подрубрика Развитие
y Географическая подрубрика СССР
610 Ключевые слова 0_
a Ключевые слова животноводство в СССР
610 Ключевые слова 0_
a Ключевые слова планирование в животноводстве
610 Ключевые слова 0_
a Ключевые слова стенограммы лекций
686 Индексы других классификаций __
a Классификационный индекс 45я43
2 Код системы rubbk
700 Автор _1
a Фамилия Ступов
b Имя (инициалы) А. Д.
g Полное личное имя Алексей Дмитриевич
4 Код отношения 070
712 Наименование организации (Вторичная ответственность) 02
a Организация/ юрисдикция Высшая партийная школа при ЦК ВКП(б)
4 Код отношения 570
801 Источник записи _0
a Страна RU
b Организация Ульяновская ОНБ
c Дата составления 20260428
g Правила каталогизации RCR
801 Источник записи _1
a Страна RU
b Организация Ульяновская ОНБ
c Дата составления 20260428
g Правила каталогизации RCR
901 Тип документа __
t Тип документа m
909 Создатель записи __
a Создатель записи Тихонова
b Дата создания записи 20260428